000 00240nam a2200097Ia 4500
008 240331s9999 xx 000 0 und d
082 _a001.42
_bEIC
100 _aEicher,M
245 0 _aNonsexist research methods :
_b a practical guide
942 _cL
999 _c641
_d641